| 000 | 00752nam a22002177a 4500 | ||
|---|---|---|---|
| 005 | 20100810123110.0 | ||
| 010 | _aENG-99170 | ||
| 020 |
_c40.00 _a8126025646 |
||
| 020 |
_c40.00 _a9788126025640 |
||
| 035 | _aEN-82702 | ||
| 037 | _bDBAD/PUB | ||
| 082 | _a808.9 | ||
| 100 |
_aRamachandrudu, P.Sri _910722 |
||
| 245 |
_aMakers of Indian literature : _cby P.Sri Ramachandrudu _bbhatti / |
||
| 260 |
_aNew Delhi _bSahitya Akademi _c2007 |
||
| 270 |
_bNew Delhi _e110001 _aRabindra Bhavan, 35, Ferozeshah Road |
||
| 300 | 1 |
_a118p. _c22cm (pbk) |
|
| 700 | _99730 | ||
| 942 |
_2ddc _cEN _h808.9 _mRAM |
||
| 999 |
_c40612 _d40612 |
||